| 000 | 00425nam a22001817a 4500 | ||
|---|---|---|---|
| 999 |
_c533403 _d533403 |
||
| 003 | NUST | ||
| 005 | 20200101093809.0 | ||
| 008 | 200101b ||||| |||| 00| 0 eng d | ||
| 020 | _a0861318056 | ||
| 024 | _a978-0861318056 | ||
| 038 | _aMSOHAIL | ||
| 082 | _a294.5922 | ||
| 100 |
_aLakshmi Lal _927269 |
||
| 245 | _aThe Ramayana | ||
| 260 |
_aNew Delhi _bOrient Longman _cc2006 |
||
| 300 | _a176;p;xv | ||
| 942 |
_2ddc _cBK |
||